Phương trình hàm
Sách trình bày một số dạng toán điển hình của phương trình hàm mà nghiệm của nó có thể dễ dàng tìm được trong lớp các hàm số sơ cấp quen biết. Sách được biên soạn trên cơ sở các bài giảng cho các lớp bồi dưàng giáo viên dạy chuyên va...
Đã lưu trong:
| 主要作者: | |
|---|---|
| 格式: | 圖書 |
| 語言: | Undetermined |
| 出版: |
Hà Nội
Giáo Dục
1997
|
| 主題: | |
| 標簽: |
添加標簽
沒有標簽, 成為第一個標記此記錄!
|
| Thư viện lưu trữ: | Trung tâm Học liệu Trường Đại học Cần Thơ |
|---|
| LEADER | 01010nam a2200205Ia 4500 | ||
|---|---|---|---|
| 001 | CTU_22494 | ||
| 008 | 210402s9999 xx 000 0 und d | ||
| 020 | |b 9,500 | ||
| 082 | |a 515.25 | ||
| 082 | |b M125 | ||
| 100 | |a Nguyễn Văn Mậu | ||
| 245 | 0 | |a Phương trình hàm | |
| 245 | 0 | |c Nguyễn Văn Mậu | |
| 260 | |a Hà Nội | ||
| 260 | |b Giáo Dục | ||
| 260 | |c 1997 | ||
| 520 | |a Sách trình bày một số dạng toán điển hình của phương trình hàm mà nghiệm của nó có thể dễ dàng tìm được trong lớp các hàm số sơ cấp quen biết. Sách được biên soạn trên cơ sở các bài giảng cho các lớp bồi dưàng giáo viên dạy chuyên và đội tuyển quốc gia tham gia các kỳ thi Olympic quốc tế. | ||
| 650 | |a functional equations,mathematical analysis | ||
| 904 | |i Minh, 980508 | ||
| 980 | |a Trung tâm Học liệu Trường Đại học Cần Thơ | ||